| 000 | 00750nam a2200229Ia 4500 | ||
|---|---|---|---|
| 003 | OSt | ||
| 005 | 20250222113027.0 | ||
| 008 | 210716s2017 xx 000 0 und d | ||
| 020 | _a9781787288416 | ||
| 040 | _cAIMIT LIBRARY | ||
| 041 | _aeng | ||
| 082 |
_a006.671 _21 _bDORM |
||
| 100 |
_aDorn, Matt. _9201975 |
||
| 245 |
_aPreparing for the certified openstack administrator exam : _bcomplete guide for test takers / _cBy Matt Dorn. |
||
| 250 | _a1st ed. | ||
| 260 |
_aMumbai : _bPackt Publishing Ltd , _c2017. |
||
| 300 |
_a319p. ; _bPB _c24 cm |
||
| 650 |
_aSetting up your practice exam environment _9201976 |
||
| 650 |
_aNova compute service _9201977 |
||
| 650 |
_aHeat orchestration service _9201978 |
||
| 942 |
_2ddc _cBK _e1st _k006.671 DORM |
||
| 999 |
_c196245 _d196245 |
||